00489nam a2200169Ia 4500008004100000020001300041040001900054041001200073082002800085100002000113245005100133260003900184300002100223504003600244650002900280850001000309131103s9999 xx 000 0 und d cRs.42.50 aLoreto College aEnglish a954.02/GREbLCLIB/21369 aGrenard,Fernand aBaber b first of the moguls cFernard Grenard aDehra DunbNatraj Publishersc1931 a253 p. c 21 cm. aIncludes index and bibliography aHistory - Medieval India aLCLIB